000
00233nam a22000857a 4500
008
160705b xxu||||| |||| 00| 0 eng d
100
_9
2294
_a
Murthi, R.K
245
_a
The Wonderland of Air
260
_a
New Delhi
_b
National Book Trust
_c
1998
999
_c
1975
_d
1975